লোডিং...

Gone to earth

গ্রন্থ-পঞ্জীর বিবরন
প্রধান লেখক: Webb, Mary
বিন্যাস: Printed Book
প্রকাশিত: Madras, B I Publications 1917
বিষয়গুলি:
LEADER 004120000a22001450004500
082 |a 823 WEB/G E7 
100 |a Webb, Mary 
245 |a Gone to earth 
260 |a Madras, B I Publications 
260 |c 1917 
650 |a English 
650 |a Novel 
942 |c BK 
999 |c 11366  |d 11366 
952 |0 0  |1 0  |4 0  |6 823_000000000000000_WEBG_E7  |7 0  |8 ENG  |9 11162  |a MGUL  |b MGUL  |d 2013-07-16  |l 0  |o 823 WEB/G E7  |p 20096  |r 2013-07-16  |w 2013-07-16  |y BK